|
|
|
|
| LEADER |
00920nam a22002297a 4500 |
| 001 |
AAL4459 |
| 003 |
BD-DhAAL |
| 005 |
20160320191754.0 |
| 008 |
160320s 1996bg ||||| |||| 00| 0 ben d |
| 020 |
|
|
|a 9840734687
|
| 040 |
|
|
|a BD-DhAAL
|c BD-DhAAL
|
| 082 |
|
|
|a 891.441009
|
| 100 |
|
|
|a মতিন, জুলফিকার
|9 18670
|
| 245 |
|
|
|a কবিতার দেশ /
|c জুলফিকার মতিন
|
| 260 |
|
|
|a ঢাকা :
|b বাংলা একাডেমী,
|c ১৯৯৬
|
| 300 |
|
|
|a ৭৯ পৃ. ;
|c ২২ সে.মি.
|
| 541 |
|
|
|e 4459
|
| 650 |
|
|
|a বাংলা কবিতা
|x ইতিহাস ও সমালোচনা
|9 18671
|
| 852 |
|
|
|a Savar Campus Library
|c General Shelf
|
| 942 |
|
|
|2 ddc
|c BK
|
| 999 |
|
|
|c 37181
|d 37181
|
| 952 |
|
|
|0 0
|1 0
|2 ddc
|4 0
|6 891_441009000000000_MAT
|7 0
|9 58458
|a SCL
|b SCL
|c GEN
|d 2016-03-20
|g 45.00
|l 0
|o 891.441009 MAT
|p 3020004459
|r 2016-03-20
|t 1
|w 2016-03-20
|y BK
|